<?xml version="1.0" encoding="UTF-8"?>
<collection xmlns="http://www.loc.gov/MARC21/slim">
 <record>
  <leader>00438pamaa2200157   4500</leader>
  <controlfield tag="001">0000025283</controlfield>
  <controlfield tag="005">20070430090000.0</controlfield>
  <datafield tag="020" ind1="0" ind2="0">
   <subfield code="a">0421404906 </subfield>
  </datafield>
  <datafield tag="090" ind1="0" ind2="0">
   <subfield code="a">KD1975 </subfield>
   <subfield code="b">PER 1990</subfield>
  </datafield>
  <datafield tag="100" ind1="1" ind2="0">
   <subfield code="a">PERCY </subfield>
  </datafield>
  <datafield tag="245" ind1="1" ind2="0">
   <subfield code="a">Charlesworth and Percy on negligence  </subfield>
   <subfield code="c">R.A. Percy.</subfield>
  </datafield>
  <datafield tag="250" ind1="0" ind2="0">
   <subfield code="a">8th ed.</subfield>
  </datafield>
  <datafield tag="260" ind1="0" ind2="0">
   <subfield code="a">London: </subfield>
   <subfield code="b">Sweet &amp; Maxwell Ltd., </subfield>
   <subfield code="c">1990.</subfield>
  </datafield>
  <datafield tag="300" ind1=" " ind2=" ">
   <subfield code="a">clix, 1232p.; </subfield>
   <subfield code="c">25cm.</subfield>
  </datafield>
  <datafield tag="440" ind1="0" ind2="0">
   <subfield code="a">Common law library; no. 6</subfield>
  </datafield>
  <datafield tag="650" ind1="0" ind2="0">
   <subfield code="a">Nehligence -- </subfield>
   <subfield code="z">Great Britain </subfield>
  </datafield>
 </record>
</collection>
